Új Csehszlovákia Tájékoztató havi folyóirat
| Format: | Serial |
|---|---|
| Language: | Hungarian |
| PhysicalDescription: | zv. cm |
| Published: |
Budapest
Kiadja a Csehszlovák Köztársaság Követsége és a "Csehszlovák Kultúra"
1954-?
|
MARC
| LEADER | 00000cas a2200000 a 4500 | ||
|---|---|---|---|
| 001 | vtls001484299 | ||
| 003 | SK-MaSNL | ||
| 005 | 20260221115411.0 | ||
| 008 | 041027d1954uuuuhu r 0 0 0hun c | ||
| 035 | |a SNK000439593 | ||
| 040 | |a SNK |b slo |c SNK |d SNK |e AACR2 | ||
| 041 | 0 | |a hun | |
| 044 | |a hu |c HU | ||
| 245 | 0 | 0 | |a Új Csehszlovákia |b Tájékoztató havi folyóirat |
| 260 | |a Budapest |b Kiadja a Csehszlovák Köztársaság Követsége és a "Csehszlovák Kultúra" |c 1954-? | ||
| 300 | |a zv. |c cm | ||
| 910 | |a snk | ||
| 999 | |c 4802 |d 6732 | ||
| 952 | |0 0 |1 1 |4 0 |7 0 |8 2 |a SNK |b SNK |d 2004-10-27 |i snkV 709/61 |l 0 |o snkČB 2728/1/1954 |p 17A0418603 |r 2005-01-02 00:00:00 |w 2026-02-21 |y PREZ | ||


